000 00390nam a2200157Ia 4500
008 240729s9999 xx 000 0 und d
022 _a1335-8871
245 0 _aMeasurement Science Review
260 _aPoland
260 _bSciendo
650 _a Mathematics
650 _aScience
856 _uhttps://doaj.org/toc/9b144e29991e4c1eb933c4086d0f5577
942 _2ddc
942 _cDOAJEJ
999 _c71862
_d71862
945 _a1
_bMadushi Gamage
_c1
_dMadushi Gamage